=LDR 00000nam 2200000 4500 =001 INLIS000000000023764 =005 20130612122408 =008 ***********************************Ind** =035 ##$$0010-061300000023764 =041 ##$$a Ind =082 ##$$a 812 =090 ##$$a 812, Wij a =100 ##$$a Widjaja, Putu =245 ##$$a Aduh, Drama tiga babak, Putu Widjaja =260 ##$$a 1975 $b Jakarta =300 ##$$a 54 hlm, 21 cm =650 ##$$a Drama tiga babak =850 ##$$a NBPNMAT